000 00642nam a2200217 a 4500
003 OSt
005 20160122155146.0
008 050511s1974 esp 000 0 spa d
020 _a84-272-1911-3
040 _cBMC
082 _a823
100 1 _aChristie, Agatha
_d1890-1976
_93401
245 1 3 _aLa puerta del destino
_cAgatha Christie ; [traducción, Ramón Margalef Llambrich]
260 _aBarcelona
_bMolino
_cD.L. 1974
300 _a265 p.
_c21 cm
490 _aClub de crimen
_v11
595 _aTraducción de: Postern of fate
650 2 4 _911162
_aNovela inglesa
700 1 _920240
_aMargalef, Ramón
_d1919-2004
942 _2ddc
_cBK
999 _c24500
_d24500